书目信息 |
| 题名: |
追寻精神的家园
|
|
| 作者: | 文成 著 | |
| 分册: | ||
| 出版信息: | 北京 京师范大学出版社 2007 |
|
| 页数: | 528页 | |
| 开本: | 24cm | |
| 丛书名: | ||
| 单 册: | ||
| 中图分类: | B022 | |
| 科图分类: | ||
| 主题词: | 精神生产--研究 , 精神生产 | |
| 电子资源: | ||
| ISBN: | 978-7-303-08801-0 | |
| 000 | 00911nam0 2200253 45 | |
| 001 | 1029818003 | |
| 005 | 20100428141542.51 | |
| 010 | @a978-7-303-08801-0@dCNY50.00 | |
| 100 | @a20100419d2007 em y0chiy0120 ea | |
| 101 | 0 | @achi |
| 102 | @aCN@b110000 | |
| 105 | @ay z 000yy | |
| 106 | @ar | |
| 200 | 1 | @a追寻精神的家园@AZhui Xun Jing Shen De Jia Yuan@e人类精神生产活动研究@ERen Lei Jing Shen Sheng Chan Huo Dong Yan Jiu@f文成著@FWen Cheng Zhu |
| 210 | @a北京@c京师范大学出版社@d2007 | |
| 215 | @a528页@d24cm | |
| 330 | @a全书介绍了精神劳动的特性、精神产品的价值、精神商品和精神资本、精神生产的全过程、精神生产的总体系、精神生产力等内容。 | |
| 517 | 1 | @a人类精神生产活动研究@ARen Lei Jing Shen Sheng Chan Huo Dong Yan Jiu |
| 606 | 0 | @a精神生产@x研究 |
| 606 | 0 | @a精神生产 |
| 690 | @aB022@v4 | |
| 701 | 0 | @a文成@AWen Cheng@4著 |
| 801 | 0 | @aCN@bTANGWEI@c20100428 |
| 905 | @b0592634-38@dB022@e109@f5 | |
| 追寻精神的家园:人类精神生产活动研究/文成著.-北京:京师范大学出版社,2007 |
| 528页;24cm |
| ISBN 978-7-303-08801-0:CNY50.00 |
| 全书介绍了精神劳动的特性、精神产品的价值、精神商品和精神资本、精神生产的全过程、精神生产的总体系、精神生产力等内容。 |
| ● |
| 相关链接 |
|
|
|
|
正题名:追寻精神的家园
索取号:B022/109
 
预约/预借
| 序号 | 登录号 | 条形码 | 馆藏地/架位号 | 状态 | 备注 |
| 1 | 0592634 | 205926346 | 第一样本阅览室/ [索取号:B022/109] | 在馆 | |
| 2 | 0592635 | 205926355 | 第一借阅区/ [索取号:B022/109] | 在馆 | |
| 3 | 0592636 | 205926364 | 第一借阅区/ [索取号:B022/109] | 在馆 | |
| 4 | 0592637 | 205926373 | 第一借阅区/ [索取号:B022/109] | 在馆 | |
| 5 | 0592638 | 205926382 | 第一借阅区/ [索取号:B022/109] | 在馆 |